000
00280nam a2200109Ia 4500
001
1278431
005
20260417163049.0
008
260417s9999 xx 000 0 und d
020
_a
9786256030954
245
0
_a
Neil Armstrong – Ay’a Ayak Basan İnsan
260
_b
Dokuz Çocuk
999
_c
1278431
_d
1278431